La Privatización de los baldíos nacionales en Costa Rica durante el siglo XIX: legislación y procedimientos para su adjudicación /

में बचाया:
ग्रंथसूची विवरण
मुख्य लेखक: Salas Víquez, José A.
स्वरूप: मूलपाठ
टैग: टैग जोड़ें
कोई टैग नहीं, इस रिकॉर्ड को टैग करने वाले पहले व्यक्ति बनें!

MARC

LEADER 00000 a a2200000 04500
001 102
003
040
100 |a Salas Víquez, José A.  
245 |a La Privatización de los baldíos nacionales en Costa Rica durante el siglo XIX:   |b legislación y procedimientos para su adjudicación /  |c José A. Salas Víquez 
773 |g número 7 -8; páginas 55-100  
999 |c 22206  |d 22206 
773 0 |0 18806  |9 2163  |a Universidad Nacional de Costa Rica  |d Heredia: C.R.: EUNA  |o 02220  |t ABRA  |x 14093928